00495nam a2200157Ia 4500008004100000082001500041100001700056245001900073260002600092300000800118630001900126730001900145942000900164999001900173952014500192100122s9999 xx 000 0 und d b34353a823 aJHABVALA R P aA NEW DOMINION bJOHN MURRAY LTDc1972 a218 aA NEW DOMINION aA NEW DOMINION cBOOK c370741d370738 00104070aSVPPARLEbSVPPARLEd1983-05-20g15.00l0o34353pSVPPARLE-34353r2010-01-25 00:00:00v15.00w2010-01-25yBOOKz", , General, NA"